Cây hồ tiêu - Bệnh hại và biện pháp phòng trừ

Giới thiệu sơ lược về cây hồ tiêu. Trình bày đặc điểm hình thái của cây hồ tiêu, bệnh hại trên cây hồ tiêu tại Việt Nam và công tác phòng - trừ tác nhân gây bệnh

Bewaard in:
Bibliografische gegevens
Hoofdauteur: Bùi, Cách Tuyến
Andere auteurs: Lê, Đình Đôn
Formaat: Boek
Taal:Undetermined
Gepubliceerd in: H. Nông nghiệp 2016
Onderwerpen:
Online toegang:http://lrc.tdmu.edu.vn/opac/search/detail.asp?aID=2&ID=33165
Tags: Voeg label toe
Geen labels, Wees de eerste die dit record labelt!
Thư viện lưu trữ: Trung tâm Học liệu Trường Đại học Thủ Dầu Một
LEADER 01001nam a2200217Ia 4500
001 TDMU_33165
008 210410s9999 xx 000 0 und d
082 |a 823.914 
090 |b B510 
100 |a Bùi, Cách Tuyến 
245 0 |a Cây hồ tiêu - Bệnh hại và biện pháp phòng trừ 
245 0 |c Bùi Cách Tuyến, Lê Đình Dôn 
260 |a H. 
260 |b Nông nghiệp 
260 |c 2016 
300 |a 74 tr. 
520 |a Giới thiệu sơ lược về cây hồ tiêu. Trình bày đặc điểm hình thái của cây hồ tiêu, bệnh hại trên cây hồ tiêu tại Việt Nam và công tác phòng - trừ tác nhân gây bệnh 
650 |a Trồng trọt  |x Phòng trừ sâu bệnh  |x Hạt tiêu  
700 |a Lê, Đình Đôn 
856 |u http://lrc.tdmu.edu.vn/opac/search/detail.asp?aID=2&ID=33165 
980 |a Trung tâm Học liệu Trường Đại học Thủ Dầu Một